LEADER 01355nam a2200253 i 4500 001 000000146359 003 CaOOAMICUS 005 20051229000000.0 008 051229s1920 it u000 u fre u 013 $a123040 040 $aSeMil$bita 100 1 $aArrighi, Pauline Élisabeth,$d<1866-1914>.$0(OLS)http://semarc/name/32971 245 13$aLa vie spirituelle :$bpetits traites de vie intérieure. Suivie de "Une Ame" /$cÉlisabeth Leseur ; prècédée d'une lettre de S. É. le Cardinal Amette Archevêque de Paris ; accompagnée de la reproduction d'un dessin de Charles Duvent représentant Élisabeth Leseur sur son lit de mort. 260 $aParis :$bJ. de Gigord,$c1920. 300 $aXI, 449 p. ;$c19 cm. 500 $aIn appendice : La bibliothèque d'Élisabeth Leseur et son catalogue. 650 4$aVita spirituale.$0(OLS)http://semarc/subject/381 700 1 $aAmette, Leon Adolphe.$0(OLS)http://semarc/name/74053 700 1 $aDuvent, Charles.$0(OLS)http://semarc/name/58229 850 $aSeMil 852 $aSeMil$W1$xVenegono$y1$m660 407 *$j99038$B99038$CSeMilBibl$Z2$F107391 $81 961 $aRecupero: Biblioteca Seminario Saronno 996 $6245$aLa vie spirituelle :$bpetits traites de vie intérieure. Suivie de "Une Ame"$9(OLS)http://semarc/title/214033 996 $6260$aParis :$bJ. de Gigord$9(OLS)http://semarc/publisher/35518 LEADER 00907nam a2200253 i 4500 001 000000154889 003 CaOOAMICUS 005 20061027000000.0 008 061027s1991 it u000 u ita u 013 $a132238 020 $a88-7692-127-3 040 $aSeMil$bita 100 1 $aGregory, Augusta.$0(OLS)http://semarc/name/7675 245 14$aGli dei. 300 $aLXII, 182 p. :$bill. 490 0 $aIl flauto magico ;$v7 500 $aContiene : Nota bibliografica. 773 0 $aGregory, Augusta$tDei e guerrieri.$dPordenone : Studio Tesi, 1991.$w()16684 830 3$aIl flauto magico ;$v7.$0(OLS)http://semarc/title/21706 850 $aSeMil 852 $aSeMil$W1$xVenegono$y1$m1W VI 255$j106741$B106741$CSeMilBibl$Z2$F115976 $81 961 $aOmaggio: Ciprandi dott. Paolo 996 $6020$a88-7692-127-3$9(OLS)http://semarc/number/144868 996 $6245$aGli dei$9(OLS)http://semarc/title/210521